[Event "Biel Credis op"]
[Site "Biel"]
[Date "1995.??.??"]
[Round "6"]
[White "Kaenel, Hansjuerg"]
[Black "Zichichi, Alvise"]
[Result "0-1"]
[WhiteElo "2395"]
[BlackElo "2315"]

1.Nf3 d5 2.c4 c6 3.e3 Nf6 4.d4 a6 5.Nc3 g6 6.Be2 Bg7 7.O-O O-O 8.c5 Nbd7
9.a4 a5 10.Qc2 Qc7 11.Bd2 e5 12.g3 Re8 13.Rfe1 h6 14.Bf1 e4 15.Nh4 Nf8 16.Na2 g5
17.Ng2 Bg4 18.b4 axb4 19.Nxb4 Ng6 20.a5 h5 21.a6 h4 22.axb7 Qxb7 23.Reb1 Qd7
24.Ra6 Rxa6 25.Nxa6 Qf5 26.Rb6 hxg3 27.fxg3 Bh3 28.Rxc6 Ng4 29.Bc1 N6e5 30.dxe5 Nxe5
31.Bb5 d4 32.Qf2 Nf3+ 33.Kh1 Rd8 34.Bc4 d3 35.Rd6 Rxd6 36.cxd6 Bc3 37.Nb8 d2
38.Bxd2 Bxd2 39.d7 Ba5 40.Ne1  0-1

[Event "Biel Credis op"]
[Site "Biel"]
[Date "1995.??.??"]
[Round "11"]
[White "Marinkovic, Ivan"]
[Black "Bex, Pierre Alain"]
[Result "1-0"]
[WhiteElo "2465"]
[BlackElo "2175"]

1.Nf3 d5 2.c4 c6 3.Qc2 Nf6 4.g3 e6 5.b3 Bd6 6.Bb2 O-O 7.Bg2 Re8 8.d4 Nbd7
9.O-O dxc4 10.bxc4 e5 11.e3 Qe7 12.Nc3 Bc7 13.c5 Ng4 14.h3 Nh6 15.Ne4 exd4
16.Nxd4 f5 17.Nd6 Bxd6 18.cxd6 Qxd6 19.Nxf5 Nxf5 20.Qxf5 Nf6 21.Qc2 Be6 22.Rad1 Qe7
23.a3 Rad8 24.e4 Qf7 25.Qc5 a6 26.g4 h6 27.Rd4 Rxd4 28.Qxd4 Qe7 29.Rd1 Bb3
30.Rd3 c5 31.Qc3 Bf7 32.e5 Nh7 33.f4 Nf8 34.f5 Rb8 35.Rd6 b6 36.h4 Be8 37.Bd5+ Bf7
38.e6 Be8 39.Qe5 Nh7 40.Rd7 Bxd7 41.exd7+  1-0

[Event "GER-ch"]
[Site "Binz"]
[Date "1995.??.??"]
[Round "2"]
[White "Schirm, Friedmar"]
[Black "Pohlers, Juergen"]
[Result "1-0"]
[WhiteElo "2315"]
[BlackElo "2105"]

1.Nf3 d5 2.c4 d4 3.g3 Nc6 4.Bg2 e5 5.O-O Nf6 6.d3 Be7 7.b4 Nxb4 8.Nxe5 O-O
9.Nd2 Bd6 10.a3 Na6 11.Nef3 c5 12.Ng5 h6 13.Nge4 Nxe4 14.Nxe4 Be7 15.Rb1 Nc7
16.Nd2 Rb8 17.Nf3 Bd6 18.e4 Bg4 19.Qc2 Ne6 20.h3 Bxf3 21.Bxf3 Qc7 22.Bg2 g5
23.Qe2 Ng7 24.f4 f6 25.Bd2 b6 26.e5 Be7 27.Rbe1 Rbe8 28.Bd5+ Kh8 29.Qg2 fxe5
30.Rxe5 Bd8 31.Rxe8 Rxe8 32.fxg5 Bxg5 33.Rf7 Qe5 34.Bxg5 hxg5 35.Be4 Kg8
36.Qf3 Qe6 37.Bd5 Qe1+ 38.Kg2 Kh8 39.Rf8+ Kh7 40.Be4+ Kh6 41.Qf6+  1-0

[Event "GER-ch"]
[Site "Binz"]
[Date "1995.??.??"]
[Round "2"]
[White "Krause, Ullrich"]
[Black "Mueller, Mat"]
[Result "1/2-1/2"]
[WhiteElo "2260"]
[BlackElo "2340"]

1.Nf3 d5 2.c4 e6 3.d4 c6 4.Qc2 Nf6 5.g3 dxc4 6.Qxc4 b5 7.Qc2 Bb7 8.Bg2 Nbd7
9.O-O c5 10.a4 a6 11.Bg5 Rc8 12.axb5 axb5  1/2-1/2

[Event "GER-ch"]
[Site "Binz"]
[Date "1995.??.??"]
[Round "4"]
[White "Schirm, Friedmar"]
[Black "Loew, Gerald"]
[Result "1-0"]
[WhiteElo "2315"]
[BlackElo "2285"]

1.Nf3 d5 2.c4 c6 3.g3 Bg4 4.Ne5 Bf5 5.Qb3 Nd7 6.Nxd7 Qxd7 7.cxd5 Be4 8.f3 Bxd5
9.Qc2 c5 10.e4 Bc6 11.Qxc5 Bxe4 12.fxe4 Rc8 13.Qxa7 Rxc1+ 14.Kf2 e5 15.Nc3 Qxd2+
16.Kf3 Rxc3+ 17.bxc3 Qxc3+ 18.Qe3 Qxe3+ 19.Kxe3 Bc5+ 20.Kf3 Nf6 21.Rc1 b6
22.a4 Ke7 23.a5 g5 24.Bd3 Rd8 25.Rhd1 g4+ 26.Ke2 Ra8 27.a6 Nd7 28.Bb5 Nf8
29.Ra1 Ra7 30.Bc6 Ne6 31.Bb7 Nd4+ 32.Kd3 Nb3 33.Kc4 Nxa1 34.Rxa1 Kd6 35.Rf1 Ke6
36.Bd5+ Kd6 37.Rf6+ Kc7 38.Rxf7+ Kb8 39.Bb7 h6 40.Kb5  1-0

[Event "GER-ch"]
[Site "Binz"]
[Date "1995.??.??"]
[Round "5"]
[White "Stern, Rene"]
[Black "Rabiega, Robert"]
[Result "1/2-1/2"]
[WhiteElo "2435"]
[BlackElo "2470"]

1.Nf3 d5 2.c4 e6 3.g3 Nf6 4.Bg2 dxc4 5.Qa4+ c6 6.Qxc4 b5 7.Qc2 Bb7 8.O-O Be7
9.d4 Nbd7 10.Nc3 a6 11.Bg5 c5 12.dxc5 Bxc5 13.Ne5 Bxg2 14.Nxd7 Qxd7 15.Kxg2 Rc8
16.Bxf6 gxf6 17.f3 O-O 18.Rfd1 Qe7 19.Qb3 f5 20.a4 b4 21.Na2 a5 22.Nc1 Ba7
23.Nd3 Qc7 24.Rdc1 Qb6 25.Qd1 Qe3 26.Rxc8 Rxc8 27.Rc1 Rxc1 28.Nxc1 Bd4 29.Nd3 e5
30.b3 h6 31.Kh3 Kg7 32.Kg2 Kf6 33.Kh3 Ke6 34.Kg2 Bc3 35.Kh3 f6 36.Kg2 Ke7
37.Nf2 Bd4 38.Nd3 Kd6 39.Kh3 Kc6 40.Kg2 Kd6 41.Nb2 Ke6 42.Nc4 Qf2+ 43.Kh3 f4
44.gxf4 exf4 45.Nxa5 Bc3 46.Nc4 Be1 47.Qd6+ Kf7 48.Qd7+ Kf8 49.Qd8+ Kf7 50.Nd6+ Ke6
51.Ne4 Qf1+ 52.Kg4 f5+ 53.Kxf4 fxe4 54.Qe8+ Kd6 55.Qe5+ Kd7 56.Qd5+ Kc7 57.Qc4+ Kb6
58.Kxe4 Bc3  1/2-1/2

[Event "GER-ch"]
[Site "Binz"]
[Date "1995.??.??"]
[Round "8"]
[White "Meyer, I."]
[Black "Pohlers, Juergen"]
[Result "1-0"]
[WhiteElo "2305"]
[BlackElo "2105"]

1.Nf3 d5 2.c4 c6 3.b3 Nf6 4.e3 Bg4 5.Bb2 Nbd7 6.Be2 Bxf3 7.Bxf3 e5 8.O-O e4
9.Be2 Bd6 10.d3 Qc7 11.h3 O-O 12.cxd5 exd3 13.Bxd3 Rad8 14.Nc3 Rfe8 15.Rc1 Nc5
16.Bb1 Qe7 17.Qd4 h6 18.b4 Na6 19.a3 Bb8 20.Ne4 Rxd5 21.Nxf6+ gxf6 22.Qxf6 Qxf6
23.Bxf6 Be5 24.Bxe5 Rexe5 25.Rfd1 Nc7 26.Ba2 Rxd1+ 27.Rxd1 Nd5 28.Bxd5 cxd5
29.Rc1 Re7 30.Rc8+ Kg7 31.Rd8  1-0

[Event "GER-ch"]
[Site "Binz"]
[Date "1995.??.??"]
[Round "8"]
[White "Krause, Ullrich"]
[Black "Gerstner, Wolfgang"]
[Result "0-1"]
[WhiteElo "2260"]
[BlackElo "2370"]

1.Nf3 d5 2.c4 e6 3.d4 Nf6 4.g3 Bb4+ 5.Bd2 Be7 6.Bg2 O-O 7.O-O Nbd7 8.Qc2 c6
9.b3 Ne4 10.Bc1 f5 11.Ba3 b5 12.cxb5 cxb5 13.Qc6 Nb6 14.Qxb5 Bxa3 15.Nxa3 a5
16.Rfc1 Bd7 17.Qd3 f4 18.Nb1 Bc8 19.Nbd2 Ba6 20.Qc2 Rc8 21.Qb2 fxg3 22.hxg3 Qf6
23.Rxc8 Nxc8 24.Nf1 g5 25.Ne3 h5 26.Rf1 Ncd6 27.Ne5 Qg7 28.g4 h4 29.Bf3 Qa7
30.Rc1 a4 31.b4 a3 32.Qxa3 Qxd4 33.Nc6 Qd2 34.Rd1 Qc3 35.Qxa6 Nxf2 36.Ne7+ Kh7
37.Qa7 Nxd1 38.N7xd5+ Qg7 39.Qxg7+ Kxg7 40.Nxd1 exd5 41.Nb2 Nc4 42.Nd3 Nb6
43.Nc5 Ra8 44.a4 Nxa4 45.Bxd5 Ra7 46.Nd3 Nc3 47.Bf3 Ra1+ 48.Kf2 Rb1 49.Kg2 Na2
50.Nf2 Rxb4 51.Nh3 Kf6 52.Kf2 Nc3 53.Ke3 Nb5 54.Be4 Nd6 55.Bf3 Nc4+  0-1

[Event "GER-ch"]
[Site "Binz"]
[Date "1995.??.??"]
[Round "9"]
[White "Schlosser, Philipp"]
[Black "Lutz, Christopher"]
[Result "1/2-1/2"]
[WhiteElo "2500"]
[BlackElo "2575"]

1.Nf3 d5 2.c4 e6 3.g3 Nf6 4.Bg2 Be7 5.O-O O-O 6.d4 dxc4 7.Qc2 a6 8.Qxc4 b5
9.Qc2 Bb7 10.Bf4 Nc6 11.Nc3 Nb4 12.Qb1 Nbd5 13.Nxd5 Bxd5 14.Rd1 Qc8 15.Be5 Be4
16.Qc1 Nd5 17.Ne1 Bxg2 18.Nxg2 c5 19.dxc5 Qxc5  1/2-1/2

[Event "Bled op"]
[Site "Bled"]
[Date "1995.??.??"]
[Round "5"]
[White "Gostisa, Leon"]
[Black "Bukal, Vladimir Jr"]
[Result "1-0"]
[WhiteElo "2420"]
[BlackElo "2335"]

1.Nf3 d5 2.c4 c6 3.e3 Nf6 4.b3 Bg4 5.Bb2 e6 6.Be2 Nbd7 7.d3 Bd6 8.Nbd2 O-O
9.h3 Bxf3 10.Nxf3 Bb4+ 11.Kf1 Bd6 12.h4 a5 13.a3 Ne8 14.Qc2 f5 15.e4 e5 16.exf5 Rxf5
17.Ng5 Nc7 18.Bg4 Rf4 19.Be6+ Kh8 20.g3 Rf8 21.Re1 Nc5 22.d4 Ne4 23.Rxe4 dxe4
24.Qxe4 g6 25.Nf7+ Rxf7 26.Bxf7 Bf8 27.h5  1-0

[Event "Bonn GSK-2"]
[Site "Bonn"]
[Date "1995.??.??"]
[Round "3"]
[White "Sieglen, Joachim"]
[Black "Gurevich, Mikhail"]
[Result "1/2-1/2"]
[WhiteElo "2380"]
[BlackElo "2585"]

1.Nf3 d5 2.c4 c6 3.g3 Nf6 4.Bg2 Bf5 5.O-O e6 6.cxd5 cxd5 7.Qb3 Qb6 8.Qxb6 axb6
9.d3 Nc6 10.Nc3 h6 11.Bd2 Be7 12.Nb5 Kd7 13.Rfc1 Rhc8 14.Bc3 Bh7 15.a3 Kd8
16.b4 g5 17.Bb2 Bg6 18.Kf1 Kd7 19.h4 g4 20.Ne5+ Nxe5 21.Bxe5 Ne8 22.Ke1 Bf6
23.Bxf6 Nxf6 24.Rxc8 Rxc8 25.Kd2 Bf5 26.Rc1 Rxc1 27.Kxc1 Kc6 28.Nd4+ Kd6
29.Nb5+ Kc6 30.Nd4+ Kd7 31.Nb5 Bg6 32.Kd2 Kc6 33.Nd4+ Kd6 34.Nb5+ Kc6 35.Nd4+ Kd7
36.Nb5 e5 37.d4 exd4 38.Nxd4 Kd6 39.e3 Bb1 40.Kc3 Ke5 41.a4 Ba2 42.a5 Nd7
43.Bf1 bxa5 44.bxa5 Nc5 45.Bd3 Bc4 46.Bc2 h5 47.Kb4 Na6+ 48.Kc3 Nc5 49.Kb4 Na6+
50.Kc3  1/2-1/2

[Event "SWE-chB"]
[Site "Borlange"]
[Date "1995.??.??"]
[Round "?"]
[White "Eriksson, Anders"]
[Black "Nordstrom, Felix"]
[Result "1-0"]
[WhiteElo "2320"]
[BlackElo "2205"]

1.Nf3 d5 2.c4 d4 3.g3 Nc6 4.d3 e5 5.Bg2 Nf6 6.O-O Bd6 7.Na3 O-O 8.Nc2 Re8
9.Bg5 h6 10.Bxf6 Qxf6 11.Nd2 a5 12.Ne4 Qd8 13.Nxd6 cxd6 14.a3 Be6 15.b4 Qd7
16.Qd2 Bh3 17.Bxh3 Qxh3 18.e3 dxe3 19.Qxe3 Qd7 20.Rfe1 d5 21.b5 Nd8 22.a4 f6
23.cxd5 Qxd5 24.Na3 Ne6 25.Nc4 Qd8 26.Qb6 Nd4 27.Qxb7 Nc2 28.Qe4 Nxe1 29.Rxe1 Qc7
30.Qd5+ Kh8 31.b6 Rad8 32.Qxa5 Qc6 33.Qb4 e4 34.b7 Rb8 35.Na5 Qc7 36.Rxe4 Red8
37.Rc4 Qd7 38.d4 f5 39.Qb5 Kh7 40.Qxd7 Rxd7 41.Kg2 Kg6 42.Nc6 Rbxb7 43.Ne5+ Kf6
44.Nxd7+ Rxd7 45.a5  1-0

[Event "RUS-sf"]
[Site "Briansk"]
[Date "1995.??.??"]
[Round "6"]
[White "Poluljahov, Aleksandr"]
[Black "Daniliuk, Sergey"]
[Result "1/2-1/2"]
[WhiteElo "2460"]
[BlackElo "2390"]

1.Nf3 d5 2.c4 c6 3.d4 Nf6 4.Nc3 g6 5.cxd5 cxd5 6.Bg5 Ne4 7.e3 Nxg5 8.Nxg5 e6
9.f4 Nc6 10.Bd3 Bd7 11.Rc1 Be7 12.Nf3 Rc8 13.O-O f5 14.h3 O-O 15.g4 Na5 16.b3 Ba3
17.Rc2 Qe7 18.gxf5 gxf5 19.Rg2+ Kh8 20.Ne2 Rg8 21.Rf2 Nc6 22.Kh2 Rxg2+ 23.Rxg2 Rg8
24.Rxg8+ Kxg8 25.Ne5 Nxe5 26.fxe5 Qg5 27.Nf4 Bf8 28.Qc2 h5 29.Qc7 h4 30.Qxd7 Qg3+
31.Kh1 Qe1+ 32.Kg2 Qg3+ 33.Kh1 Qe1+ 34.Kg2 Qg3+  1/2-1/2

[Event "Bucharest"]
[Site "Bucharest"]
[Date "1995.??.??"]
[Round "4"]
[White "Musat, Adrian"]
[Black "Vajda, Levente"]
[Result "0-1"]
[WhiteElo "2380"]
[BlackElo "2320"]

1.Nf3 d5 2.c4 e6 3.g3 f5 4.Bg2 Nf6 5.O-O Bd6 6.d4 c6 7.Bf4 Bxf4 8.gxf4 O-O
9.Nbd2 Nbd7 10.Ne5 Nxe5 11.fxe5 Ng4 12.h3 Nh6 13.f4 Kh8 14.e3 Bd7 15.Rc1 Be8
16.Qe1 Bh5 17.Kh2 Rg8 18.cxd5 cxd5 19.Bf3 Bxf3 20.Nxf3 Nf7 21.h4 Nh6 22.Kh3 Ng4
23.Qc3 h6 24.Qb3 Qd7 25.Nh2 Nxh2 26.Kxh2 Qe7 27.Kh3 g5 28.Qd1 gxh4 29.Qh5 Rg3+
30.Kh2 Kh7 31.Rg1 Rag8 32.Rxg3 Rxg3 33.Rg1 Qg7 34.Qd1 b5 35.b4 Qg6 36.Qc1 Qg4
37.Rxg3 Qxg3+ 38.Kh1 Kg6 39.Qc8 Qh3+ 40.Kg1 Qxe3+ 41.Kh1 Qe4+ 42.Kg1 Qxd4+
43.Kh1 Qd1+ 44.Kh2 Qe2+ 45.Kg1 Qe1+ 46.Kg2 Qe4+ 47.Kg1 Kh5 48.Qxe6 Kg4 49.Kf2 Qxf4+
50.Ke2 Qe4+ 51.Kf2 Qc2+ 52.Ke3 Qc3+ 53.Ke2 Qb2+ 54.Kd3 Qa3+ 55.Kc2 Qxa2+
56.Kc1 Qc4+ 57.Kd1 Kf4 58.Qf6 Qd3+ 59.Kc1 Qc3+ 60.Kd1 Ke3 61.Qxh6+ Kd3  0-1

[Event "Budapest FS08 GM"]
[Site "Budapest"]
[Date "1995.??.??"]
[Round "1"]
[White "Beim, Valery"]
[Black "Lukacs, Peter"]
[Result "1-0"]
[WhiteElo "2545"]
[BlackElo "2480"]

1.Nf3 d5 2.c4 c6 3.b3 Nf6 4.g3 Bg4 5.Bg2 e6 6.Bb2 Nbd7 7.O-O Bd6 8.Na3 O-O
9.d3 Re8 10.Nc2 a5 11.Rb1 b5 12.cxd5 cxd5 13.Ncd4 Qb6 14.a4 b4 15.Nb5 Bxf3
16.Bxf3 Rac8 17.Qd2 Be5 18.Rfc1 Bxb2 19.Rxb2 e5 20.Rbc2 Rxc2 21.Qxc2 e4 22.Bg2 exd3
23.Qxd3 Ng4 24.e3 Nde5 25.Qd2 Nf6 26.Nc7 Rd8 27.Qd4 Qd6 28.Nxd5 Nxd5 29.Qxd5 Qf6
30.Qxa5 g6 31.Rf1 Rd2 32.Qxb4 Rb2 33.Qd4  1-0

[Event "Budapest FS04 IM"]
[Site "Budapest"]
[Date "1995.??.??"]
[Round "2"]
[White "Habibi, Ali"]
[Black "Peredy, Ferenc"]
[Result "1-0"]
[WhiteElo "2190"]
[BlackElo "2230"]

1.Nf3 d5 2.c4 c6 3.e3 Nf6 4.b3 Bg4 5.Bb2 Nbd7 6.Be2 e6 7.O-O Bd6 8.d4 O-O
9.Nc3 Qe7 10.Qc2 Rfe8 11.Rfe1 Rad8 12.h3 Bh5 13.Rad1 Bb8 14.e4 dxe4 15.Nxe4 Bg6
16.Bd3 Nxe4 17.Bxe4 Qd6 18.g3 Nf6 19.Bxg6 hxg6 20.Kg2 Qc7 21.Re3 Qc8 22.a4 Re7
23.Rde1 Red7 24.b4 a6 25.a5 Ne8 26.Qc3 Nf6 27.Qb3 Bc7 28.Qa2 Bd6 29.Bc3 Qb8
30.Qb2 Qc8 31.Ng5 Bf8 32.f4 Qc7 33.Nf3 Rb8 34.Qa3 Ne8 35.Ne5 Rdd8 36.Qa2 Nd6
37.g4 Be7 38.Rf1 Bf6 39.Qe2 Rdc8 40.Be1 Qd8 41.h4 Kf8 42.Rh1 Ke7 43.Nf3 Kd7
44.Bg3 Ra8 45.h5 gxh5 46.Rxh5 g6 47.Rh1 Qg8 48.Rd1 Re8 49.Ne5+ Ke7 50.Nf3 Rad8
51.Re1 Kf8 52.Rh1 Qg7 53.Re5 Nc8 54.Bh4 Ne7 55.Bg5 Ng8 56.Bxf6 Nxf6 57.Kg3 Ke7
58.Qb2 Rh8 59.Rxh8 Rxh8 60.Qg2 Qh7 61.Re1 Rd8 62.b5 axb5 63.cxb5 Rd5 64.bxc6 bxc6
65.Qb2 Qh8 66.Qb4+ Rd6 67.a6 Nd5 68.Qc5 Nc7 69.Ne5  1-0

[Event "Budapest FS05 GM"]
[Site "Budapest"]
[Date "1995.??.??"]
[Round "3"]
[White "Szekely, Peter"]
[Black "Kalinitschew, Sergey"]
[Result "1/2-1/2"]
[WhiteElo "2455"]
[BlackElo "2465"]

1.Nf3 d5 2.c4 c6 3.cxd5 cxd5 4.d4 Nc6 5.Nc3 Nf6 6.Bf4 a6 7.Rc1 Bf5 8.a3 e6
9.e3 Bd6 10.Bxd6 Qxd6 11.Bd3 Bxd3 12.Qxd3 O-O 13.O-O Rfc8 14.Rc2 Rc7 15.Rfc1 Rac8  1/2-1/2

[Event "Budapest FS12 IM"]
[Site "Budapest"]
[Date "1995.??.??"]
[Round "3"]
[White "Mijailovic, Zoran"]
[Black "Turzo, Attila"]
[Result "1/2-1/2"]
[WhiteElo "2360"]
[BlackElo "2310"]

1.Nf3 d5 2.c4 c6 3.e3 Nf6 4.Nc3 Nbd7 5.cxd5 cxd5 6.d4 Nb6 7.a4 a5 8.Bb5+ Bd7
9.Qd3 e6 10.Ne5 Bb4 11.Bd2 O-O 12.Rc1 Qe7 13.O-O Rfc8 14.Nxd7 Nbxd7 15.Rc2 Nb6
16.Na2 Rxc2 17.Bxb4 Qc7 18.Bc3 Rxc3 19.Qxc3 Qxc3 20.Nxc3 Rc8 21.Rc1 Kf8 22.f3 Ke7
23.Kf2 Ne8 24.Bxe8 Kxe8 25.b3 h5 26.Ne2 Ke7 27.Rxc8  1/2-1/2

[Event "Budapest FS10 GM"]
[Site "Budapest"]
[Date "1995.??.??"]
[Round "4"]
[White "Szekely, Peter"]
[Black "Seul, Georg"]
[Result "1/2-1/2"]
[WhiteElo "2435"]
[BlackElo "2430"]

1.Nf3 d5 2.c4 d4 3.g3 Nc6 4.Bg2 e5 5.O-O g6 6.d3 Bg7 7.Na3 Nf6 8.Nc2 a5 9.a3 O-O
10.Rb1 Re8 11.Bg5 h6 12.Bxf6 Qxf6 13.b4 Qe7 14.Nd2 h5 15.h4 Nd8 16.Nf3 Bf5
17.e3 axb4 18.axb4  1/2-1/2

[Event "Budapest"]
[Site "Budapest"]
[Date "1995.??.??"]
[Round "5"]
[White "Fancsy, Imre"]
[Black "Lorincz, Istvan"]
[Result "1/2-1/2"]
[WhiteElo "2365"]
[BlackElo "2360"]

1.Nf3 d5 2.c4 e6 3.g3 c6 4.Qc2 Nf6 5.Bg2 Be7 6.O-O O-O 7.d4 Nbd7 8.b3 Re8
9.Rd1 Bd6 10.Nbd2 a5 11.a3 Qe7 12.e4 dxe4 13.Nxe4 Nxe4 14.Qxe4 Nf6 15.Qc2 Rd8
16.Bb2 Bd7 17.Re1 Be8 18.Re2 h6 19.Nh4 Qc7 20.Rae1 Rac8 21.Qd2 Bf8 22.Bc3 Ra8
23.Qb2 a4 24.b4  1/2-1/2

[Event "Budapest"]
[Site "Budapest"]
[Date "1995.??.??"]
[Round "6"]
[White "Letreguilly, Olivier"]
[Black "Fancsy, Imre"]
[Result "1/2-1/2"]
[WhiteElo "2300"]
[BlackElo "2365"]

1.Nf3 d5 2.c4 dxc4 3.e3 Nf6 4.Bxc4 e6 5.O-O a6 6.a4 c5 7.Qe2 Nc6 8.Rd1 Qc7
9.d4 Bd6 10.Nc3 O-O 11.b3 b6 12.Bb2 cxd4 13.exd4 Na5 14.Ne4 Nxe4 15.Qxe4 Nxc4
16.bxc4 Bd7 17.c5 Be7 18.Ne5 Rad8 19.Rdc1  1/2-1/2

[Event "Budapest FS10 IM-B"]
[Site "Budapest"]
[Date "1995.??.??"]
[Round "7"]
[White "Krutti, Valer"]
[Black "Nikitin, Andrey"]
[Result "1-0"]
[WhiteElo "2355"]
[BlackElo "2290"]

1.Nf3 d5 2.c4 e6 3.d4 c6 4.Qc2 Nf6 5.g3 Nbd7 6.Bg2 Be7 7.O-O O-O 8.Nbd2 b6
9.e4 dxe4 10.Nxe4 Nxe4 11.Qxe4 Bb7 12.b3 Nf6 13.Qc2 c5 14.dxc5 Bxc5 15.Bb2 Qe7
16.Ng5 e5 17.Bxb7 Qxb7 18.Bxe5 h6 19.Bxf6 hxg5 20.Bxg5 Rfe8 21.Rad1 Qf3 22.Rfe1 a5
23.Qd2 Rxe1+ 24.Rxe1 Bb4 25.Qe2 Qf5 26.Qe4 Qc8 27.Rd1 Qe8 28.Qxa8 Qxa8 29.Rd8+ Qxd8
30.Bxd8 Bc5 31.Bg5 Bd6 32.Kg2 f6 33.Be3 Bc7 34.Kf3 Kf7 35.Ke4 Ke6 36.h4 f5+
37.Kd3 g6 38.a3 Bd8 39.Bf4 Be7 40.Be3 Bd8 41.f3 Kd6 42.Bg5  1-0

[Event "Budapest FS05 GM"]
[Site "Budapest"]
[Date "1995.??.??"]
[Round "9"]
[White "Beim, Valery"]
[Black "Kalinitschew, Sergey"]
[Result "1-0"]
[WhiteElo "2540"]
[BlackElo "2465"]

1.Nf3 d5 2.c4 c6 3.e3 Nf6 4.Nc3 g6 5.d4 Bg7 6.Bd3 O-O 7.O-O Bg4 8.h3 Bxf3
9.Qxf3 e6 10.Rd1 Nbd7 11.b3 Nb6 12.a4 a5 13.Bb2 Nc8 14.Rab1 Nd6 15.Ba3 Re8
16.g3 Bf8 17.Bc1 Bg7 18.Bd2 Nd7 19.Be1 f5 20.cxd5 exd5 21.b4 axb4 22.Nxd5 cxd5
23.Qxd5+ Nf7 24.Bc4 Rf8 25.Bxb4 Nb6 26.Qe6 Nxc4 27.Bxf8 Bxf8 28.Qxc4 Qd7
29.Rb5 Kg7 30.Rdb1 Nd6 31.Qd5 Ra7 32.Rb6 Kh6 33.a5 Qe7 34.R1b2 Ra8 35.Rc2 Re8
36.Kg2 f4 37.gxf4  1-0

[Event "Budapest FS10 IM-A"]
[Site "Budapest"]
[Date "1995.??.??"]
[Round "10"]
[White "Habibi, Ali"]
[Black "Honfi, Karoly"]
[Result "1/2-1/2"]
[WhiteElo "2295"]
[BlackElo "2390"]

1.Nf3 d5 2.c4 d4 3.g3 Nc6 4.d3 e5 5.Bg2 Nf6 6.O-O a5 7.Na3 Be7 8.Nc2 Bf5
9.Nh4 Bg4 10.h3 Be6 11.e4 g6 12.Rb1 Nd7 13.Nf3 Nc5 14.Nce1 f5 15.exf5 Bxf5
16.g4 Be6 17.Bh6 e4 18.Nd2 exd3 19.Bxc6+ bxc6 20.Qf3 Qd7 21.a3 a4 22.Ng2 Bf8
23.Qf6 Rg8 24.Bf4 Qg7 25.Qe5 Qxe5 26.Bxe5 O-O-O 27.Bf6 Rd7 28.Rfe1 Bf7 29.Nf4 g5
30.Nh5 Bxh5 31.gxh5 Bh6 32.Ne4 Nb3 33.Rbd1 d2 34.Nxd2 Nxd2 35.Rxd2 d3 36.Red1 g4
37.Rxd3 gxh3+ 38.Kh2 Rxd3 39.Rxd3 Rg2+ 40.Kxh3 Rxf2 41.Bd4 Rf5 42.Kh4 c5
43.Bc3 Rf4+ 44.Kg3 Rxc4 45.Rf3 Bg5 46.Rf7 h6 47.Be5 Kd8 48.Bxc7+ Ke8 49.Rh7 Re4
50.Bd6 c4 51.Kf3 Rh4 52.Bg3 Rxh5 53.Rc7 Bf6 54.Rxc4 Ra5 55.Rb4 Be7 56.Rb7 Ra6  1/2-1/2

[Event "Budapest FS10 IM-B"]
[Site "Budapest"]
[Date "1995.??.??"]
[Round "10"]
[White "Navarovszky, Laszlo"]
[Black "Shurygin, Sergey"]
[Result "0-1"]
[WhiteElo "2295"]
[BlackElo "2365"]

1.Nf3 d5 2.c4 c6 3.cxd5 cxd5 4.d4 Nc6 5.Nc3 Nf6 6.Bf4 Bf5 7.e3 e6 8.Qb3 Bb4
9.Bb5 Qa5 10.O-O O-O 11.Rfc1 Rfc8 12.h3 h6 13.Ne5 Nxe5 14.Bxe5 Bxc3 15.bxc3 Ne4
16.Bd7 Rxc3 17.Qxb7 Rf8 18.g4 Nxf2 19.gxf5 Nxh3+ 20.Kg2 Rxc1 21.Rxc1 Qd2+
22.Kxh3 Qxe3+ 23.Kh2 Qd2+ 24.Kh3 Qe3+ 25.Kh2 Qd2+ 26.Kh3 Qxc1 27.fxe6 Qh1+
28.Kg3 Qg1+ 29.Kh3 Qh1+ 30.Kg3 Qg1+ 31.Kh3 Qe3+ 32.Kg2 Qe2+ 33.Kg3 Qd3+ 34.Kh2 Qc2+
35.Kh3 Qf5+ 36.Kg3 Qg6+ 37.Kh2 fxe6 38.Bxe6+ Kh7 39.Bxd5 Rf2+ 40.Bg2 Rxa2
41.Qf3 a5 42.Bg3 a4 43.d5 a3 44.Qb3 Rd2 45.Qxa3 Qe4  0-1

[Event "Buenos Aires tt"]
[Site "Buenos Aires"]
[Date "1995.??.??"]
[Round "2"]
[White "Dolezal, Cristian"]
[Black "Vergagni, Ernesto"]
[Result "1/2-1/2"]
[WhiteElo "2355"]
[BlackElo "2210"]

1.Nf3 d5 2.c4 e6 3.g3 g6 4.d4 Bg7 5.Bg2 Ne7 6.cxd5 exd5 7.Nc3 Nbc6 8.Bf4 Be6
9.Qd2 Nf5 10.e3 h6 11.g4 Nd6 12.Bxd6 Qxd6 13.h3 O-O 14.O-O Rad8 15.Ne1 f5
16.gxf5 Rxf5 17.Nd3 Rff8 18.Rac1 Qd7 19.Nc5 Qc8 20.Nxe6 Qxe6 21.Qc2 Rf5 22.Qb3 Rg5
23.Kh2 Bf8 24.Ne2 Bd6+ 25.f4 Ne7 26.Ng3 Rxg3 27.Kxg3 Nf5+ 28.Kh2 Qxe3 29.Qxd5+ Kg7
30.Qe4 Qxd4 31.Qxd4+ Nxd4 32.Rc4 Nf5 33.Rfc1 Kf6 34.Kg1 b5 35.Rc6 Nd4 36.Rxc7 Ne2+  1/2-1/2

[Event "Cannes op"]
[Site "Cannes"]
[Date "1995.??.??"]
[Round "6"]
[White "Letreguilly, Olivier"]
[Black "Jonkman, Harmen"]
[Result "1/2-1/2"]
[WhiteElo "2300"]
[BlackElo "2290"]

1.Nf3 d5 2.c4 e6 3.g3 Nf6 4.Bg2 Be7 5.O-O O-O 6.b3 c5 7.e3 Nc6 8.Bb2 d4 9.exd4 cxd4
10.Re1 Ne8 11.d3 f6 12.Na3 e5 13.Nc2 Nc7 14.Qd2 a5 15.a3 Na6 16.Rab1 Qe8
17.Qe2 Bg4 18.h3 Bh5 19.g4 Bf7 20.Bc1 Qd7 21.Bd2 Rab8 22.Nh4 g6 23.b4 axb4
24.Nxb4 Naxb4 25.axb4 b5 26.Qe4 Rfc8 27.c5 Bd8 28.Qe2 Bd5 29.f4 Bc7 30.f5 g5
31.Bxd5+ Qxd5 32.Nf3 Ra8 33.Ra1 Kg7 34.h4 h6 35.hxg5 hxg5 36.Qe4 Qxe4 37.dxe4 Kf7
38.Kf2 Bd8 39.Ke2 Be7 40.Rh1 Kg7 41.Kd3 Rd8 42.Kc2 Re8 43.Kb2 Reb8 44.Rxa8  1/2-1/2

[Event "Cannes Martinez op"]
[Site "Cannes"]
[Date "1995.??.??"]
[Round "6"]
[White "Azariants, Evgeni"]
[Black "Houriez, Alain"]
[Result "1-0"]
[WhiteElo "2240"]
[BlackElo "2065"]

1.Nf3 d5 2.c4 c6 3.g3 e6 4.cxd5 exd5 5.Bg2 Nf6 6.O-O Bd6 7.d4 O-O 8.Nc3 Re8
9.Qc2 Nbd7 10.Nh4 Nf8 11.Nf5 Bxf5 12.Qxf5 Qd7 13.Qd3 h6 14.a3 a5 15.Rb1 Qe7
16.Be3 Ne4 17.Nxe4 dxe4 18.Qc2 f5 19.f3 exf3 20.Rxf3 g6 21.h4 h5 22.Qd3 Nd7
23.Qb3+ Qf7 24.Qxb7 Rab8 25.Qxc6 Bxa3 26.Bf4 Rxb2 27.Rbf1 Kh7 28.R1f2  1-0

[Event "Cappelle op"]
[Site "Cappelle la Grande"]
[Date "1995.??.??"]
[Round "1"]
[White "Mohandesi, Shahin"]
[Black "Prie, Eric"]
[Result "1-0"]
[WhiteElo "2265"]
[BlackElo "2480"]

1.Nf3 d5 2.c4 c6 3.e3 Nf6 4.Nc3 e6 5.b3 Bd6 6.Bb2 O-O 7.Be2 a6 8.d4 Nbd7
9.O-O b5 10.Qc2 Bb7 11.Rfd1 b4 12.Na4 Ne4 13.Ne5 c5 14.Bd3 cxd4 15.Nxd7 Qxd7
16.Bxd4 Qe7 17.c5 Bc7 18.Bxe4 dxe4 19.c6 Rac8 20.Bc5 Bxh2+ 21.Kxh2 Qh4+ 22.Kg1 Rxc6
23.Rd4 Rfc8 24.Rad1 e5 25.Rd6 a5 26.Qd2 h5 27.Rd8+ Kh7 28.Qd7 Rxd8 29.Qxd8 Qg4
30.Qd7 Re6 31.Rd2 Bc6 32.Qc8 h4 33.Rd8 h3 34.Rh8+ Kg6 35.Rxh3 Qd1+ 36.Kh2 Bxa4
37.bxa4 Qxa4 38.Qh8 Kf6 39.Qh4+ g5 40.Qh8+ Kf5  1-0

[Event "Cappelle op"]
[Site "Cappelle la Grande"]
[Date "1995.??.??"]
[Round "1"]
[White "Groenn, Atle"]
[Black "Raetsky, Alexander"]
[Result "1/2-1/2"]
[WhiteElo "2320"]
[BlackElo "2510"]

1.Nf3 d5 2.c4 d4 3.a3 g6 4.b4 Bg7 5.Bb2 e5 6.e3 Ne7 7.d3 O-O 8.exd4 exd4
9.Nbd2 a5 10.Be2 Nec6 11.b5 Ne5 12.O-O c5 13.Nxe5 Bxe5 14.Bc1 Nd7 15.Ne4 f5
16.Ng5 Nf6 17.Nf3 Bd6 18.Bg5 Qc7 19.Qd2 b6 20.g3 Bb7 21.Nh4 f4 22.Bxf4 Bxf4
23.Qxf4 Qxf4 24.gxf4 Kg7 25.Rae1 Rae8 26.Bd1 Kh6 27.h3 Nh5 28.Bxh5 Kxh5 29.Ng2 Bf3
30.Rxe8 Rxe8 31.Re1 Rxe1+ 32.Nxe1 Be2 33.Kh2 Bf1 34.Kg3 Be2 35.Kg2 Kh4 36.Kh2 Kh5
37.Kg3 Bf1 38.f3 a4 39.Kh2 Kh4 40.Ng2+ Kh5 41.Ne1 Kh4 42.Ng2+ Kh5 43.Ne1 Kh4
44.Ng2+ Kh5  1/2-1/2

[Event "Cappelle op"]
[Site "Cappelle la Grande"]
[Date "1995.??.??"]
[Round "2"]
[White "Sanchis, Antoine"]
[Black "Upton, Timothy J"]
[Result "0-1"]
[WhiteElo "2145"]
[BlackElo "2285"]

1.Nf3 d5 2.c4 e6 3.d4 Nf6 4.Nc3 Be7 5.Bg5 O-O 6.e3 h6 7.Bh4 b6 8.cxd5 exd5
9.Be2 Bb7 10.Qb3 Nbd7 11.O-O Re8 12.Rac1 c6 13.Rfd1 Rc8 14.Ne5 Nxe5 15.dxe5 Nd7
16.Bg3 Bh4 17.Bxh4 Qxh4 18.f4 Rcd8 19.g3 Qe7 20.Re1 Nc5 21.Qc2 Ne6 22.Rcd1 Qc5
23.Bd3 b5 24.Qf2 Qb6 25.b4 a5 26.a3 Ra8 27.Ra1 Ra7 28.Rab1 axb4 29.axb4 Ra3
30.Rbc1 d4 31.exd4 Nxd4 32.Kf1 c5 33.bxc5 Qxc5 34.Nxb5 Qd5 35.Nxd4 Rxd3 36.Red1 Rxd1+
37.Rxd1 Ra8 38.Re1 Ra2 39.Ne2 Ra3 40.Ng1  0-1

[Event "Cappelle op"]
[Site "Cappelle la Grande"]
[Date "1995.??.??"]
[Round "4"]
[White "Lukov, Valentin"]
[Black "Catteau, Bruno"]
[Result "1/2-1/2"]
[WhiteElo "2425"]
[BlackElo "2185"]

1.Nf3 d5 2.c4 c6 3.e3 e6 4.d4 f5 5.Ne5 Nf6 6.Bd3 Bd6 7.f4 O-O 8.Nc3 Ne4 9.O-O Nd7
10.Bxe4 fxe4 11.Nxd7 Bxd7 12.cxd5 exd5 13.Qb3 Qb6 14.Qc2 Rf6 15.Bd2 Raf8
16.Na4 Qc7 17.Qb3 g5 18.Nc5 Bxc5 19.dxc5 gxf4 20.exf4 Rg6 21.Rae1 Bf5 22.Bc3 Kf7
23.Be5 Qd7 24.Re3 Rfg8 25.Rf2 Ke8 26.Bd4 h5 27.Kf1 h4 28.Qa3 a6 29.Rb3 Qh7
30.Re3 Qd7 31.Qc3 Qf7 32.Be5 Rh6 33.Qd4 Qe6 34.Rb3 Qf7 35.Rd2 Rhg6 36.Rf2 Rh6
37.Qb4 Qh5 38.Ke1 Bc8 39.f5 Qf7 40.Qd4 Rh5 41.Bf6 Rxf5 42.Rxf5 Bxf5 43.Qe5+ Qe6
44.Qxe6+ Bxe6 45.Rxb7 Bc8 46.Re7+ Kf8 47.Rc7 Bf5 48.Rxc6 Rxg2 49.Bxh4 Bg4
50.Rf6+ Ke8 51.Rf2 Rg1+ 52.Rf1 Rg2 53.Rf2 Rg1+  1/2-1/2